00427nam a22001577a 450000500170000001000140001702000260003103500130005703700130007008200140008310000200009724500360011726000520015327000350020530000290024020100805163838.0 aENG-98477 a9789350010723c140.00 aEN-82010 bDBAD/PUB a589.90133 aJeyanthi, K. A. aMetabolism /cby K. A. Jeyanthi aPerambalurbMercury Printers & Publishersc2008 aPerambalurbPerambalure621212 a147p.:bill.c21cm (pbk)